Contes excentriques / (Record no. 163608)

MARC details
000 -LEADER
campo de control de longitud fija 00823nam a22002295i 4500
001 - NÚMERO DE CONTROL
campo de control 163608
003 - IDENTIFICADOR DE NÚMERO DE CONTROL
campo de control ES-MaACL
005 - FECHA Y HORA DE LA ÚLTIMA TRANSACCIÓN
campo de control 20230906212757.0
008 - DATOS DE LONGITUD FIJA--INFORMACIÓN GENERAL
campo de control de longitud fija 050715s1855 fr | |||||||| ||fre d
040 ## - FUENTE DE CATALOGACIÓN
Centro catalogador/agencia de origen CAM
Lengua de catalogación spa
Centro/agencia transcriptor CAM
100 1# - ENTRADA PRINCIPAL--NOMBRE DE PERSONA
Nombre de persona Robert, Adrien.
9 (RLIN) 97798
245 10 - MENCIÓN DEL TÍTULO
Título Contes excentriques /
Mención de responsabilidad, etc. par Charles Newil.
250 ## - MENCION DE EDICION
Mención de edición 2e éd.
260 ## - PUBLICACIÓN, DISTRIBUCIÓN, ETC.
Lugar de publicación, distribución, etc. Paris :
Nombre del editor, distribuidor, etc. Librairie de L. Hachette,
Fecha de publicación, distribución, etc. 1855 (
Fabricante Typographie de Ch. Lahure)
300 ## - DESCRIPCIÓN FÍSICA
Extensión 241 p. ;
Dimensiones 18 cm.
490 1# - MENCIÓN DE SERIE
Mención de serie Bibliothèque des Chemins de Fer
594 ## - Nota al título y mención de responsabilidad
Nota al título y mención de responsabilidad Charles Newil es seudónimo de Adrien Robert.
598 ## - NOTA LOCAL
Nota local La mención de serie consta en la cub. original.
830 0# - PUNTO DE ACCESO ADICIONAL DE SERIE-TÍTULO UNIFORME
Título uniforme Bibliothèque des Chemins de Fer
9 (RLIN) 188440
852 ## - LOCALIZACIÓN
Ubicación ES-MaACL
Número de control de estantería D-2443
Nota libre -- Enc. hol. conservando la cub. original
-- -- Legado M. de la Fuente
Holdings
Estatus retirado Estado de pérdida Estado de daño No para préstamo Colección Biblioteca de origen Biblioteca actual Ubicación en estantería Fecha de adquisición Fuente de adquisición Total de préstamos Signatura topográfica completa Código de barras Visto por última vez Precio de reemplazo Tipo de ítem Koha
        Libros del s. XIX Biblioteca del Ateneo de Madrid Biblioteca del Ateneo de Madrid Sala Valle Inclán 17/01/2008     D-2443 901171449 23/02/2023 23/02/2023 Libro impreso antiguo